Trauma, Violence & Abuse
محفوظ في:
التنسيق: دورية
اللغة: Undetermined
منشور في:
JSTOR
Sage Publications, Inc.
الموضوعات:
الوصول للمادة أونلاين: Login to view Source
الوسوم: إضافة وسم
لا توجد وسوم, كن أول من يضع وسما على هذه التسجيلة!
رقم الطلب:
| LEADER | 00547nas a2200181Ia 4500 | ||
|---|---|---|---|
| 008 | 220214c99999999xx |||||||||||| ||und|| | ||
| 022 | |a 1524-8380 | ||
| 022 | |a 1552-8324 | ||
| 245 | 0 | 0 | |a Trauma, Violence & Abuse |
| 264 | 1 | |b JSTOR | |
| 264 | 1 | |b Sage Publications, Inc. | |
| 362 | 0 | |a Vol. 1(2000)-18 (2017) | |
| 653 | 1 | 0 | |a Medicine & Allied Health |
| 653 | 1 | 0 | |a Public Health |
| 856 | 4 | 0 | |u https://www.jstor.org/journal/trauviolabus |
| 942 | |c JL | ||
| 952 | |0 0 |1 0 |4 0 |7 1 |9 37527 |a JSR |b JSR |d 2022-02-14 |l 0 |r 2022-02-14 00:00:00 |w 2022-02-14 |y JL | ||
| 999 | |c 45858 |d 45858 | ||
